Les 10 pays les moins visités en Europe - Statistiques

Statistiques générales
  • Ce quiz a été pris 661 fois
  • Le résultat moyen est 7 sur 10
Statistiques - réponses
Rank Visiteurs par année Pays % Correct
1. 11,000 Moldavie
77%
3.. 119,000 Belarus
76%
6. 351,000 Macédoine
75%
4. 139,000 Saint Marin
71%
10. 905,000 Luxembourg
70%
9. 810,000 Serbie
70%
7. 439,000 Bosnie Herzégovine
69%
2. 54,000 Liechtenstein
68%
5. 292,000 Monaco
61%
8. 673,000 Islande
59%
Aucun quiz correspondant
Distribution des résultats
% des personnes avec chaque résultat
Percentile par nombre de réponses
Votre historique - résultats
Vous n’avez pas pris ce quiz